• 首页
  • 本馆介绍
  • 公告通知
  • 最新文献
  • 馆藏检索
  • 电子资源
  • 读者导购
  • 参考咨询
  • 我的图书馆
  • 登录
  • 详细信息显示
  • 放入我的书架
  • 预约/预借图书
  • 作者相关作品
  • 分类相关作品
  • 丛书相关作品
  • 出版社相关作品

书目信息

  • 表格格式
  • 工作单格式
  • 卡片格式
题名:
瘟疫与苦难
    
 
作者: 布里特 著 ;朱连成 , 刘沛 , 周娜 主译
分册:   人类历史对流行性疾病的影响
出版信息: 北京   化学工业出版社  2008
页数: 221页
开本: 24cm
丛书名:
单 册:
中图分类: R18-091
科图分类:
主题词: 流行病 , 流行病--历史--世界
电子资源:
ISBN: 978-7-122-01170-1
000 01512nam0 2200313 45
001 1050837218
005 20100420093340.92
010    @a978-7-122-01170-1@dCNY35.00
100    @a20100409d2008 ekmy0chiy0120 ea
101 0  @achi@ceng
102    @aCN@b110000
105    @aa z 000yy
106    @ar
200 1  @a瘟疫与苦难@AWen Yi Yu Ku Nan@dPlagues & poxes : the impact of human history on epidemic disease@i人类历史对流行性疾病的影响@IRen Lei Li Shi Dui Liu Xing Xing Ji Bing De Ying Xiang@f(美)艾尔弗雷德·杰伊·布里特(Alfred Jay Bollet)著@F( Mei ) Ai Er Fu Lei De· Jie Yi· Bu Li Te (Alfred Jay Bollet) Zhu@g周娜,朱连成,刘沛主译@zeng
210    @a北京@c化学工业出版社@d2008
215    @a221页@c图@d24cm
305    @a本书由Demos Medical Publishing, Inc.出版公司授权出版据原书第二版译出
330    @a本书着眼于对历史上由人类活动所导致的传染病和非传染性疾病大暴发的记述和探讨,旨在通过对历史的分析,让历史的经验“照进现实”,从而有助于预防疾病的流行并将新出现疾病所产生的危害尽量降低。
510 1  @aPalagues & poxes : the impact of human history on epidemic disease@zeng
517 1  @a人类历史对流行性疾病的影响@ARen Lei Li Shi Dui Liu Xing Xing Ji Bing De Ying Xiang
606 0  @a流行病
606 0  @a流行病@x历史@y世界
690    @aR18-091@v4
701  1 @a布里特@ABu Li Te@g(Bollet, Alfred Jay)@4著
702  0 @a朱连成@AZhu Lian Cheng@4主译
702  0 @a刘沛@ALiu Pei@4主译
702  0 @a周娜@AZhou Na@4主译
801  0 @aCN@bTANGWEI@c20100420
905    @b0590952-56@dR18-091@e183@f5
    
    瘟疫与苦难=Plagues & poxes : the impact of human history on epidemic disease.人类历史对流行性疾病的影响/(美)艾尔弗雷德·杰伊·布里特(Alfred Jay Bollet)著/周娜,朱连成,刘沛主译.-北京:化学工业出版社,2008
    221页:图;24cm
    
    
    ISBN 978-7-122-01170-1:CNY35.00
    本书着眼于对历史上由人类活动所导致的传染病和非传染性疾病大暴发的记述和探讨,旨在通过对历史的分析,让历史的经验“照进现实”,从而有助于预防疾病的流行并将新出现疾病所产生的危害尽量降低。
●
相关链接 在E读中查询图书 在五车中查询图书 在当当中查询图书 在豆瓣中查询图书


正题名:瘟疫与苦难     索取号:R18-091/183         预约/预借

序号 登录号 条形码 馆藏地/架位号 状态 备注
1 0590952   205909524   第二样本阅览室/ [索取号:R18-091/183] 在馆    
2 0590953   205909533   第三借阅区/ [索取号:R18-091/183] 在馆    
3 0590954   205909542   密集书库-生命科学系/ [索取号:R18-091/183] 在馆    
4 0590955   205909551   第三借阅区/ [索取号:R18-091/183] 在馆    
5 0590956   205909560   第三借阅区/ [索取号:R18-091/183] 在馆    
唐山师范学院图书馆 欢迎您!
大连网信软件有限公司© 版权所有